Quale Paese hanno in comune questi personaggi? - Statistics

Statistiche generali
  • Questo quiz è stato fatto 169 volte
  • Il punteggio medio è 41 su 56
Statistiche sulle risposte
Personaggio 1 Personaggio 2 Personaggio 3 Paese % Corretto
Adolf Hitler Wolfgang Amadeus Mozart Sigmund Freud Austria
99%
Albert Einstein Ludwig van Beethoven Michael Schumacher Germania
98%
Alessandro Magno Platone Aristotele Grecia
95%
Diego Armando Maradona Papa Francesco Che Guevara Argentina
93%
Bob Marley Usain Bolt Giamaica
93%
Leonardo da Vinci Cristoforo Colombo Benito Mussolini Italia
91%
Cristiano Ronaldo Ferdinando Magellano Luís Figo Portogallo
91%
Elisabetta II William Shakespeare Isaac Newton Regno Unito
91%
Cleopatra Mohamed Salah Abdel Fattah al-Sisi Egitto
90%
George Washington Michael Jackson Michael Jordan Stati Uniti
90%
Napoleone Bonaparte Coco Chanel Claude Monet Francia
88%
Pablo Picasso Francisco Franco Rafael Nadal Spagna
88%
Benjamin Netanyahu Gal Gadot Yitzhak Rabin Israele
85%
Pelé Ayrton Senna Jair Bolsonaro Brasile
84%
Mao Zedong Confucio Bruce Lee Cina
84%
Kim Jong-un Kim Il-sung Kim Jong-il Corea del Nord
84%
Mahatma Gandhi Narendra Modi Srinivasa Ramanujan India
84%
Nelson Mandela Elon Musk Oscar Pistorius Sudafrica
84%
Justin Bieber Celine Dion Drake Canada
83%
Vladimir Lenin Fëdor Dostoevskij Vladimir Putin Russia
83%
Pablo Neruda Augusto Pinochet Arturo Vidal Cile
82%
Shakira Pablo Escobar Maluma Colombia
81%
PSY Bong Joon-ho Son Heung-min Corea del Sud
81%
Oscar Wilde Bono Conor McGregor Irlanda
81%
Josip Broz Tito Novak Đoković Nikola Tesla Serbia
81%
Jean-Jacques Rousseau Le Corbusier Roger Federer Svizzera
81%
Luka Modrić Nikola Tesla Mario Mandžukić Croazia
80%
Magnus Carlsen Erling Haaland Edvard Munch Norvegia
80%
Franz Kafka Gregor Mendel Pavel Nedvěd Cechia
79%
René Magritte Kevin De Bruyne Eddy Merckx Belgio
78%
Vincent van Gogh Martin Garrix Max Verstappen Paesi Bassi
78%
Papa Giovanni Paolo II Frédéric Chopin Marie Curie Polonia
78%
Zlatan Ibrahimović Alfred Nobel Ingmar Bergman Svezia
78%
Volodymyr Zelenskyy Andriy Shevchenko Sergej Bubka Ucraina
78%
Niels Bohr Søren Kierkegaard Christian Eriksen Danimarca
77%
Shinzo Abe Hayao Miyazaki Hirohito Giappone
76%
Edin Džeko Gavrilo Princip Bosnia ed Erzegovina
74%
Madre Teresa di Calcutta Dua Lipa Edi Rama Albania
73%
Frida Kahlo Salma Hayek Guillermo del Toro Messico
72%
Vlad l’Impalatore Nicolae Ceaușescu Romania
72%
Luis Suárez Edinson Cavani Uruguay
72%
Henrikh Mkhitaryan Kim Kardashian Armenia
71%
Alberto Grimaldi Grace Kelly Monaco
67%
Simón Bolívar Nicolás Maduro Carolina Herrera Venezuela
67%
Ali Khamenei Ruhollah Khomeini Iran
66%
Tadej Pogačar Melania Trump Luka Dončić Slovenia
66%
Viktor Orbán Harry Houdini Franz Liszt Ungheria
66%
Hugh Jackman Nicole Kidman Heath Ledger Australia
63%
Mika Mia Khalifa Libano
62%
Russell Crowe Lorde Nuova Zelanda
41%
Nasser Al‑Khelaïfi Mutaz Essa Barshim Qatar
41%
Yasser Arafat Abu Mazen Marwan Barghuthi Palestina
35%
Mobutu Sese Seko Laurent-Désiré Kabila Repubblica Democratica del Congo
33%
Cardi B Oscar de la Renta Repubblica Dominicana
26%
Thomas Sankara Ibrahim Traoré Burkina Faso
23%
Ncuti Gatwa Juvénal Habyarimana Ruanda
10%
Nessun quiz corrispondente trovato
Distribuzione punteggi
Percentuale di utenti per punteggio
Percentile per numero di risposta
I tuoi punteggi nel tempo
Non hai fatto questo quiz